000
00284nam a22001337a 4500
008
181122b xxu||||| |||| 00| 0 eng d
041
_a
eng
080
_a
159.9
082
_a
159.9
100
_a
49
101
_a
PSI
245
_a
Clinical psychiatry
_c
Lurie.H.J
942
_2
udc
_c
BK
999
_c
52369
_d
52369